| 000 | 00918nam a22002177a 4500 | ||
|---|---|---|---|
| 003 | UA-OsUOA | ||
| 001 | 36355 | ||
| 007 | ta | ||
| 008 | 20060914b un ||||| |||| 00| 0 ukr d | ||
| 090 |
_a082/94(477) _bМ34 |
||
| 942 | _cBK | ||
| 040 |
_aUA-OsUOA _bukr _cUA-OsUOA _dUA-OsUOA |
||
| 245 |
_aМатеріали V БуковинськоїМіжнародної історико-краєзнавчої конференції, присвяченої 130-річчю заснування Чернівецького національного університету імені Юрія Федьковича, 29 вересня 2005 р. Чернівці _b1 _cІсторія України. Краєзнавство. |
||
| 300 | _a484 с. | ||
| 955 | _a1 | ||
| 041 | _aukr | ||
| 080 | _a082/94(477) | ||
| 260 |
_aЧернівці _c2005 |
||
| 650 | 7 |
_a08 Видання. Колективні праці _2UDC |
|
| 999 |
_c434885 _d434885 |
||